Myths and legends of North America : (Record no. 94064)

MARC details
000 -LEADER
fixed length control field 00963nam a22002537a 4500
003 - CONTROL NUMBER IDENTIFIER
control field OSt
005 - DATE AND TIME OF LATEST TRANSACTION
control field 20260406160814.0
008 - FIXED-LENGTH DATA ELEMENTS--GENERAL INFORMATION
fixed length control field 260406b |||||||| |||| 00| 0 eng d
020 ## - INTERNATIONAL STANDARD BOOK NUMBER
International Standard Book Number 9780716626275
040 ## - CATALOGING SOURCE
Transcribing agency HS LRC
050 ## - LIBRARY OF CONGRESS CALL NUMBER
Classification number E 77.4
Item number .L581so 2016
100 ## - MAIN ENTRY--PERSONAL NAME
Personal name Leonard, Scott A.
9 (RLIN) 131548
245 ## - TITLE STATEMENT
Title Myths and legends of North America :
Remainder of title Southwestern United States and Mexico /
Statement of responsibility, etc. Scott A. Leonard
260 ## - PUBLICATION, DISTRIBUTION, ETC. (IMPRINT)
Place of publication, distribution, etc. Chicago, Illinois :
Name of publisher, distributor, etc. World Book,
Date of publication, distribution, etc. c2016.
265 ## - SOURCE FOR ACQUISITION/SUBSCRIPTION ADDRESS [OBSOLETE]
Source for acquisition/subscription address Phoenix Educational Systems, Inc.
300 ## - PHYSICAL DESCRIPTION
Extent 64 pages :
Other physical details color illustrations ;
Dimensions 26 cm.
365 ## - TRADE PRICE
Price amount 1,667.00
440 ## - SERIES STATEMENT/ADDED ENTRY--TITLE
Title Famous Myths and Legends of the World
9 (RLIN) 24871
504 ## - BIBLIOGRAPHY, ETC. NOTE
Bibliography, etc Includes glossary, references and index.
650 ## - SUBJECT ADDED ENTRY--TOPICAL TERM
Topical term or geographic name as entry element Indians of North America
General subdivision Southwest, New
Chronological subdivision Folklore
Geographic subdivision Juvenile literature
9 (RLIN) 131587
650 ## - SUBJECT ADDED ENTRY--TOPICAL TERM
Topical term or geographic name as entry element Indians of Mexico
General subdivision History
Chronological subdivision Folklore
Geographic subdivision Juvenile literature
9 (RLIN) 131588
650 ## - SUBJECT ADDED ENTRY--TOPICAL TERM
Topical term or geographic name as entry element Indians of North America
General subdivision Southwest, New
Chronological subdivision Juvenile literature
9 (RLIN) 131589
942 ## - ADDED ENTRY ELEMENTS (KOHA)
Source of classification or shelving scheme Library of Congress Classification
Koha item type Books
Holdings
Withdrawn status Lost status Source of classification or shelving scheme Damaged status Not for loan Collection code Home library Current library Shelving location Date acquired Source of acquisition Cost, normal purchase price Inventory number Total Checkouts Full call number Barcode Date last seen Copy number Cost, replacement price Price effective from Koha item type
    Library of Congress Classification     Circulation DLSU-D HS Learning Resource Center DLSU-D HS Learning Resource Center Circulation 06/24/2025 HS LRC SY 2024-2025 1667.00 CIR-002493   E 77.4 .L581so 2016 3HS00000002493 04/06/2026 002493 1667.00 04/06/2026 Books